OUAT Episodes (Season 4) Quiz Stats

Quiz not verified by Sporcle

Challenge
Share
Tweet
Embed
Score 0/23 Timer 08:00
0 Plays Today
% Correct
White Out
66.7%
A Tale of Two Sisters
61.1%
Lily
56.7%
Shattered Sight
54.4%
Heroes and Villains
53.3%
Mother
52.2%
Sympathy for the De Vil
51.1%
Fall
50%
Poor Unfortunate Soul
47.8%
Rocky Road
42.2%
The Apprentice
40%
Darkness on the Edge of Town
40%
% Correct
Breaking Glass
37.8%
Unforgiven
33.3%
The Snow Queen
32.2%
Smash the Mirror: Part 1
27.8%
Enter the Dragon
25.6%
Best Laid Plans
24.4%
Operation Mongoose: Part 1
24.4%
Heart of Gold
16.7%
Smash the Mirror: Part 2
15.6%
Operation Mongoose: Part 2
14.4%
Family Business
12.2%

You're not logged in!

Compare scores with friends on all Sporcle quizzes.
Sign Up with Email
OR
Log In

You Might Also Like...

Show Comments

Extras

Top Quizzes Today


Score Distribution

Your Account Isn't Verified!

In order to create a playlist on Sporcle, you need to verify the email address you used during registration. Go to your Sporcle Settings to finish the process.